Hydraulic fracture mechanics / (Record no. 3802)
[ view plain ]
| 000 -LEADER | |
|---|---|
| fixed length control field | 01120nac a22002411u 4500 |
| 010 ## - LIBRARY OF CONGRESS CONTROL NUMBER | |
| LC control number | 96115860 |
| 020 ## - INTERNATIONAL STANDARD BOOK NUMBER | |
| International Standard Book Number | 0471956643 : |
| 035 ## - SYSTEM CONTROL NUMBER | |
| System control number | (OCoLC)33103775 |
| 082 00 - DEWEY DECIMAL CLASSIFICATION NUMBER | |
| Classification number | 622.3381 |
| Item number | V174 |
| 090 ## - LOCALLY ASSIGNED LC-TYPE CALL NUMBER (OCLC); LOCAL CALL NUMBER (OCLC) | |
| -- | 3802 |
| -- | 3802 |
| 100 ## - MAIN ENTRY--PERSONAL NAME | |
| Personal name | ValkoÌ?, Peter. |
| 245 10 - TITLE STATEMENT | |
| Title | Hydraulic fracture mechanics / |
| Statement of responsibility, etc | Peter ValkoÌ? and Michael J. Economides. |
| 260 ## - PUBLICATION, DISTRIBUTION, ETC. (IMPRINT) | |
| Place of publication, distribution, etc | Chichester : |
| Name of publisher, distributor, etc | Wiley,1995 |
| Date of publication, distribution, etc | c1995. |
| 300 ## - PHYSICAL DESCRIPTION | |
| Extent | xx, 298 p. : |
| Other physical details | ill. ; |
| Dimensions | 25 cm. |
| 504 ## - BIBLIOGRAPHY, ETC. NOTE | |
| Bibliography, etc | Includes bibliographies and index. |
| 650 #0 - SUBJECT ADDED ENTRY--TOPICAL TERM | |
| Topical term or geographic name as entry element | Oil wells |
| General subdivision | Hydraulic fracturing |
| -- | Mathematics. |
| 700 1# - ADDED ENTRY--PERSONAL NAME | |
| Personal name | Economides, Michael J. |
| 856 42 - ELECTRONIC LOCATION AND ACCESS | |
| Materials specified | Publisher description |
| Uniform Resource Identifier | <a href="http://www.loc.gov/catdir/description/wiley032/96115860.html">http://www.loc.gov/catdir/description/wiley032/96115860.html</a> |
| 856 42 - ELECTRONIC LOCATION AND ACCESS | |
| Materials specified | Table of Contents |
| Uniform Resource Identifier | <a href="http://www.loc.gov/catdir/toc/onix02/96115860.html">http://www.loc.gov/catdir/toc/onix02/96115860.html</a> |
| 942 ## - ADDED ENTRY ELEMENTS (KOHA) | |
| Item type | Book - Borrowing |
| Call number prefix | 622.3381V174 |
| Withdrawn status | Item status | Source of classification or shelving scheme | Damaged status | Not for loan | Home library | Current library | Shelving location | Date acquired | Source of acquisition | Total Checkouts | Total Renewals | Full call number | Barcode | Date last seen | Date last borrowed | Koha item type | Vendor | Cost, normal purchase price |
|---|---|---|---|---|---|---|---|---|---|---|---|---|---|---|---|---|---|---|
| Dewey Decimal Classification | Central Library | Central Library | First floor | 04/07/2007 | Purchase | 8 | 31 | 622.3381 VAL | 000030434 | 15/07/2025 | 30/03/2015 | Book - Borrowing | ||||||
| Dewey Decimal Classification | Central Library | Central Library | First floor | 17/06/2009 | 3 | 622.3381 VAL | 000016840 | 15/07/2025 | 20/10/2013 | NB - Book (Non borrowing) | Alef-Baa | 150.00 |